[Event "Mercredi 2016.03.30 ABCD"]
[Site "Montreal CAN"]
[Date "2016.04.06"]
[Round "2"]
[White "Nardone, Raul"]
[Black "Johnson-Constantin, Matthieu"]
[Result "0-1"]
[WhiteElo "1811"]
[BlackElo "1848"]
[PlyCount "48"]
[EventDate "2016.03.30"]
[EventType "tourn"]
[EventRounds "5"]
[EventCountry "CAN"]

1. e4 e6 2. d4 d5 3. exd5 exd5 4. Be3 Nf6 5. Bd3 Bd6 6. Nc3 c6 7. Qd2 O-O 8.
O-O-O b5 9. h3 Nbd7 10. Nf3 Qc7 11. Ng5 Nb6 12. Ne2 Nc4 13. Bxc4 bxc4 14. Ng3
Rb8 15. Nf3 Bxg3 16. fxg3 Ne4 17. Qe1 c3 18. b3 Qd6 19. Kb1 Bf5 20. Ne5 Qa3 21.
Bc1 Rxb3+ 22. axb3 Nd2+ 23. Qxd2 Qxb3+ 24. Ka1 Qa4+ 0-1

[Event "Mercredi 2016.03.30 ABCD"]
[Site "Montreal CAN"]
[Date "2016.04.06"]
[Round "2"]
[White "Zumsteg, Nicolas"]
[Black "Rondon, Luciano"]
[Result "0-1"]
[WhiteElo "1878"]
[BlackElo "1868"]
[PlyCount "98"]
[EventDate "2016.03.30"]
[EventType "tourn"]
[EventRounds "5"]
[EventCountry "CAN"]

1. e4 c5 2. Nf3 d6 3. d4 cxd4 4. Nxd4 Nf6 5. Nc3 a6 6. Bg5 e6 7. f4 Be7 8. Qf3
Qc7 9. O-O-O Nbd7 10. Qg3 b5 11. e5 dxe5 12. fxe5 Nh5 13. Qh4 Bxg5+ 14. Qxg5
Qxe5 15. Qd2 Nhf6 16. Nf3 Qc5 17. Bd3 Bb7 18. Rhe1 O-O 19. Ne4 Nxe4 20. Bxe4
Bxe4 21. Rxe4 Nf6 22. Rd4 e5 23. Rd8 Raxd8 24. Qxd8 e4 25. Qd4 Qxd4 26. Nxd4
Re8 27. Kd2 Nd5 28. g3 g6 29. Ke2 Nb6 30. b3 Nd5 31. Kd2 e3+ 32. Kd3 Nb4+ 33.
Ke2 Nxa2 34. Ke1 Kg7 35. Ra1 Nb4 36. c3 Rd8 37. Ke2 Nd5 38. c4 Nb4 39. Kxe3
Rxd4 40. Kxd4 Nc2+ 41. Kd5 Nxa1 42. c5 Nc2 43. c6 Nb4+ 44. Kd6 Nxc6 45. Kxc6 f5
46. Kb6 g5 47. Kxa6 f4 48. gxf4 gxf4 49. Kxb5 f3 0-1

[Event "Mercredi 2016.03.30 ABCD"]
[Site "Montreal CAN"]
[Date "2016.04.13"]
[Round "3"]
[White "Blanchet, Robert"]
[Black "Nardone, Raul"]
[Result "0-1"]
[WhiteElo "1820"]
[BlackElo "1811"]
[PlyCount "50"]
[EventDate "2016.03.30"]
[EventType "tourn"]
[EventRounds "5"]
[EventCountry "CAN"]

1. e4 c5 2. Nf3 a6 3. d4 cxd4 4. Nxd4 Nf6 5. Nc3 e5 6. Nb3 Bb4 7. Bd3 d5 8.
exd5 Bxc3+ 9. bxc3 Qxd5 10. Ba3 Qxg2 11. Rf1 Bg4 12. f3 Bh3 13. Nd2 Nc6 14. Rf2
Qg1+ 15. Nf1 O-O-O 16. Qe2 Bxf1 17. Rxf1 Qb6 18. Bc1 Nd5 19. c4 Nf4 20. Qe4
Ng2+ 21. Kd1 g6 22. Qg4+ f5 23. Qxg2 Qd4 24. Rg1 Qxc4 25. Re1 Rxd3+ 0-1

[Event "Mercredi 2016.03.30 ABCD"]
[Site "Montreal CAN"]
[Date "2016.04.13"]
[Round "3"]
[White "Boudreau, Daniel"]
[Black "Cloutier, Mathieu"]
[Result "1/2-1/2"]
[WhiteElo "2109"]
[BlackElo "2111"]
[PlyCount "111"]
[EventDate "2016.03.30"]
[EventType "tourn"]
[EventRounds "5"]
[EventCountry "CAN"]

1. e4 e5 2. Nc3 Nf6 3. Bc4 Bc5 4. f4 d6 5. Nf3 O-O 6. d3 a6 7. f5 c6 8. Bg5
Nbd7 9. Qd2 b5 10. Bb3 a5 11. a4 b4 12. Nd1 Qb6 13. Be3 d5 14. exd5 cxd5 15.
O-O Ng4 16. Bxc5 Nxc5 17. Kh1 Nxb3 18. cxb3 f6 19. h3 Nh6 20. Nh4 Ba6 21. Nf2
e4 22. Rfe1 Qd4 23. g4 Nf7 24. Rad1 exd3 25. Nf3 Qb6 26. Re6 Qb7 27. Nxd3 d4
28. Qg2 Bxd3 29. Rxd3 Rac8 30. Rxd4 Rc1+ 31. Re1 Rfc8 32. Rdd1 Rxd1 33. Rxd1
Qe4 34. Re1 Qf4 35. Qe2 h6 36. Kg2 Kh7 37. Qe4 Qxe4 38. Rxe4 Rc2+ 39. Kg3 Rxb2
40. Re3 Nd6 41. Nd4 Nb7 42. Ne6 Nd6 43. Rd3 Rd2 44. Rxd2 Ne4+ 45. Kf4 Nxd2 46.
Nc5 h5 47. Ke3 Nb1 48. Nb7 hxg4 49. hxg4 Kh6 50. Kf4 Nc3 51. Nxa5 Nd5+ 52. Ke4
Nc3+ 53. Kf3 Kg5 54. Nc6 Nxa4 55. Nxb4 Nc5 56. Nc6 1/2-1/2

[Event "Mercredi 2016.03.30 ABCD"]
[Site "Montreal CAN"]
[Date "2016.04.13"]
[Round "3"]
[White "Gates, Claude-Eric"]
[Black "Robidoux, Julien"]
[Result "1-0"]
[WhiteElo "1794"]
[BlackElo "1722"]
[PlyCount "67"]
[EventDate "2016.03.30"]
[EventType "tourn"]
[EventRounds "5"]
[EventCountry "CAN"]

1. e4 e6 2. d4 d5 3. e5 c5 4. c3 Nc6 5. Nf3 Qb6 6. Bd3 Bd7 7. dxc5 Bxc5 8. O-O
Qc7 9. b4 Bb6 10. a4 a5 11. b5 Nxe5 12. Bf4 Nxf3+ 13. Qxf3 Qd8 14. Qg3 g6 15.
Be5 f6 16. Bxg6+ hxg6 17. Qxg6+ Kf8 18. Bd6+ Ne7 19. Qxf6+ Kg8 20. Bxe7 Qe8 21.
Bd6 Rc8 22. Qg5+ Kh7 23. Be5 Rg8 24. Qh4+ Kg6 25. Nd2 Qd8 26. Qh3 Qg5 27. Nf3
Qh5 28. Qxh5+ Kxh5 29. Rfe1 Rc4 30. Bd4 Bxd4 31. cxd4 Re8 32. Ne5 Rc7 33. Rac1
Rxc1 34. Rxc1 1-0

[Event "Mercredi 2016.03.30 ABCD"]
[Site "Montreal CAN"]
[Date "2016.04.13"]
[Round "3"]
[White "Jacquet, Stephane"]
[Black "Langlois-Remillard, Alexis"]
[Result "1-0"]
[WhiteElo "2017"]
[BlackElo "1909"]
[PlyCount "163"]
[EventDate "2016.03.30"]
[EventType "tourn"]
[EventRounds "5"]
[EventCountry "CAN"]

1. d4 Nf6 2. c4 e6 3. Nf3 b6 4. Nc3 Bb7 5. Bg5 Be7 6. Qc2 d5 7. e3 O-O 8. Bd3
Nbd7 9. cxd5 exd5 10. O-O Re8 11. Ne5 h6 12. Bxf6 Bxf6 13. f4 c5 14. Bb5 Bxe5
15. fxe5 a6 16. Bd3 f6 17. Bg6 Re7 18. exf6 Nxf6 19. Rf3 Qd6 20. Raf1 Ne4 21.
Nxe4 dxe4 22. Bf7+ Kh8 23. dxc5 Qc7 24. Rf4 Qxc5 25. Qxc5 bxc5 26. Bg6 Kg8 27.
h4 Bd5 28. a3 Rb8 29. h5 a5 30. Rf5 Bc4 31. Rc1 Bf7 32. Rcxc5 Bxg6 33. hxg6 Re6
34. Rxa5 Rxg6 35. Rab5 Ra8 36. Rfc5 Rd8 37. Rd5 Rc8 38. Rbc5 Rf8 39. b4 Rf3 40.
Rc8+ Kf7 41. Rd7+ Ke6 42. Rc6+ Kxd7 43. Rxg6 Rxe3 44. Rxg7+ Kc6 45. Ra7 Kb6 46.
Ra5 Rb3 47. Kf2 Rb2+ 48. Ke3 Rxg2 49. Kxe4 Rg4+ 50. Kf3 Rc4 51. Ke3 Rc3+ 52.
Kd4 Rg3 53. a4 Rg4+ 54. Kc3 Rg3+ 55. Kd2 Rg4 56. Rb5+ Kc6 57. Rc5+ Kb6 58. Kc3
Rg3+ 59. Kc4 Rg1 60. Kb3 Rg3+ 61. Kb2 Rg2+ 62. Kb3 Rg3+ 63. Rc3 Rg4 64. a5+ Kb5
65. Rc5+ Ka6 66. Rh5 Rg6 67. Ka4 Kb7 68. Kb5 Ka7 69. Kc5 Ka6 70. Rd5 Rg1 71.
Rd6+ Ka7 72. Rxh6 Rg5+ 73. Kc6 Rg8 74. Rh7+ Ka6 75. b5+ Kxa5 76. Ra7+ Kb4 77.
b6 Rg6+ 78. Kc7 Kb5 79. b7 Rc6+ 80. Kd7 Rb6 81. Kc7 Rc6+ 82. Kb8 1-0

[Event "Mercredi 2016.03.30 ABCD"]
[Site "Montreal CAN"]
[Date "2016.04.13"]
[Round "3"]
[White "Johnson-Constantin, Matthieu"]
[Black "Zumsteg, Nicolas"]
[Result "1-0"]
[WhiteElo "1848"]
[BlackElo "1878"]
[PlyCount "59"]
[EventDate "2016.03.30"]
[EventType "tourn"]
[EventRounds "5"]
[EventCountry "CAN"]

1. e4 c5 2. Nf3 g6 3. d4 cxd4 4. Qxd4 Nf6 5. e5 Nc6 6. Qc4 Qa5+ 7. Bd2 Nxe5 8.
Bxa5 Nxc4 9. Bxc4 Bg7 10. Bc3 O-O 11. O-O d5 12. Bb3 e6 13. Nbd2 a5 14. a4 Rd8
15. Rad1 Bd7 16. Rfe1 b5 17. axb5 Bxb5 18. Bxf6 Bxf6 19. c4 a4 20. cxb5 axb3
21. Nxb3 Bxb2 22. Nfd4 Kf8 23. Nc5 Rd6 24. Nc6 d4 25. Ne4 Rd5 26. b6 Rb5 27.
Nc5 Rc8 28. Nd7+ Ke8 29. Nf6+ Kf8 30. Na7 1-0

[Event "Mercredi 2016.03.30 ABCD"]
[Site "Montreal CAN"]
[Date "2016.04.13"]
[Round "3"]
[White "Millette, Sylvain"]
[Black "Dumouchel, Alain"]
[Result "1/2-1/2"]
[WhiteElo "1711"]
[BlackElo "1707"]
[PlyCount "55"]
[EventDate "2016.03.30"]
[EventType "tourn"]
[EventRounds "5"]
[EventCountry "CAN"]

1. Nf3 Nf6 2. g3 g6 3. Bg2 Bg7 4. d4 d6 5. O-O O-O 6. c4 Nc6 7. b3 Ne4 8. Bb2
Na5 9. Nbd2 Nxd2 10. Qxd2 c5 11. dxc5 dxc5 12. Bxg7 Kxg7 13. Qc3+ f6 14. Rad1
Qc7 15. Rd2 Nc6 16. Rfd1 Rd8 17. Rxd8 Nxd8 18. Ng5 Ne6 19. Nxe6+ Bxe6 20. Qd3
Bf5 21. Qe3 Rb8 22. h3 e5 23. Rd5 b6 24. Qd2 Re8 25. Rd6 Re7 26. Qd5 Rd7 27.
Rxd7+ Qxd7 28. e4 1/2-1/2

[Event "Mercredi 2016.03.30 ABCD"]
[Site "Montreal CAN"]
[Date "2016.04.13"]
[Round "3"]
[White "Morin, Louis"]
[Black "Heredia, Jose"]
[Result "1/2-1/2"]
[WhiteElo "1932"]
[BlackElo "1922"]
[PlyCount "144"]
[EventDate "2016.03.30"]
[EventType "tourn"]
[EventRounds "5"]
[EventCountry "CAN"]

1. e4 c6 2. d4 d5 3. Nc3 dxe4 4. Nxe4 Nd7 5. Qe2 e6 6. Bf4 Nb6 7. O-O-O Nf6 8.
Nf3 Nxe4 9. Qxe4 Qd5 10. Qxd5 cxd5 11. Ne5 Nd7 12. Nd3 Be7 13. Be2 b6 14. Rhe1
a5 15. Ne5 Nxe5 16. Bxe5 O-O 17. Bc7 Ba6 18. Bxb6 Rfc8 19. Bf3 Bb7 20. Rd3 Ra6
21. Bc5 Bxc5 22. dxc5 Rxc5 23. Rb3 Bc8 24. Rb8 Rac6 25. c3 g6 26. Rd1 Kg7 27.
Rd4 Kf6 28. Kd2 Ke5 29. Be2 Rc7 30. Rb5 Bd7 31. Rxc5 Rxc5 32. f4+ Kf6 33. b4
axb4 34. cxb4 Rc7 35. b5 Ke7 36. a4 Kd6 37. b6 Rb7 38. a5 Kc5 39. Kc3 Bb5 40.
Bd1 Rb8 41. Rd2 h5 42. Be2 Bc6 43. Rb2 d4+ 44. Kd2 Bxg2 45. Rb5+ Kc6 46. b7
Rxb7 47. Rxb7 Kxb7 48. Kd3 Ka6 49. Kxd4+ Kxa5 50. Ke5 Kb4 51. Kf6 Be4 52. Kxf7
Bf5 53. Ba6 Kc5 54. Bc8 Kd5 55. Kf6 Ke4 56. Kg5 h4 57. Bb7+ Ke3 58. Bc6 h3 59.
Bb7 Kf2 60. Kh4 Ke3 61. Kg3 Kd4 62. Bf3 e5 63. fxe5 Kxe5 64. Bg4 Ke4 65. Bxh3
Bxh3 66. Kxh3 Kf3 67. Kh4 Kf4 68. Kh3 g5 69. Kg2 Kg4 70. h3+ Kh4 71. Kh2 g4 72.
hxg4 Kxg4 1/2-1/2

[Event "Mercredi 2016.03.30 ABCD"]
[Site "Montreal CAN"]
[Date "2016.04.13"]
[Round "3"]
[White "Nunez, Omar"]
[Black "Have, Didier"]
[Result "1-0"]
[WhiteElo "1933"]
[BlackElo "2044"]
[PlyCount "105"]
[EventDate "2016.03.30"]
[EventType "tourn"]
[EventRounds "5"]
[EventCountry "CAN"]

1. d4 d5 2. c4 e6 3. cxd5 exd5 4. Nc3 f5 5. Nf3 Nf6 6. Bf4 c6 7. e3 Qa5 8. Bd3
Be7 9. O-O O-O 10. a3 Ne4 11. Rc1 Qd8 12. b4 Kh8 13. Bxb8 Rxb8 14. Ne5 Be6 15.
Qb3 Nd2 16. Qa2 Nxf1 17. Bxf1 Bd6 18. Ne2 Qe7 19. f4 Bxe5 20. fxe5 g5 21. Qd2
Rf7 22. Ng3 Re8 23. Nh5 Bd7 24. Bd3 Qf8 25. Rf1 Qh6 26. Be2 g4 27. Nf4 Be6 28.
g3 Qg5 29. Qc3 h5 30. Qc5 Qh6 31. Qc1 Kg7 32. Ng2 Qg5 33. Rf4 Qe7 34. Qc3 Qd7
35. Nh4 b6 36. Bd3 Rc8 37. Qc2 Rcf8 38. Qc3 Qc8 39. h3 c5 40. dxc5 bxc5 41.
bxc5 Rc7 42. Nxf5+ Bxf5 43. e6+ Kg6 44. Rxf5 Rxf5 45. Qe5 Kh7 46. Bxf5+ Kg8 47.
e7 Qe8 48. Qxc7 Qa4 49. Be6+ Kh8 50. e8=Q+ Qxe8 51. Qc8 Qxc8 52. Bxc8 gxh3 53.
c6 1-0

[Event "Mercredi 2016.03.30 ABCD"]
[Site "Montreal CAN"]
[Date "2016.04.13"]
[Round "3"]
[White "Rondon, Luciano"]
[Black "Brassard, Sylvain"]
[Result "0-1"]
[WhiteElo "1868"]
[BlackElo "1809"]
[PlyCount "54"]
[EventDate "2016.03.30"]
[EventType "tourn"]
[EventRounds "5"]
[EventCountry "CAN"]

1. d4 d5 2. c4 e6 3. Nc3 Nf6 4. Bg5 Be7 5. e3 O-O 6. cxd5 Nxd5 7. Bxe7 Qxe7 8.
Nf3 Nxc3 9. bxc3 c5 10. Bd3 cxd4 11. cxd4 Qb4+ 12. Qd2 Nc6 13. Rb1 Qd6 14. O-O
Rd8 15. Rfd1 b6 16. Qe2 h6 17. Rbc1 Bb7 18. Bb1 g6 19. h4 h5 20. Ng5 Ne7 21. g4
hxg4 22. Qxg4 f5 23. Qe2 Kg7 24. Qb2 Bd5 25. e4 fxe4 26. Bxe4 Rh8 27. Bxd5 Nxd5
{time} 0-1

[Event "Mercredi 2016.03.30 ABCD"]
[Site "Montreal CAN"]
[Date "2016.04.13"]
[Round "3"]
[White "Struben, Jeroen"]
[Black "Lessard, Sylvain"]
[Result "1-0"]
[WhiteElo "1782"]
[BlackElo "1750"]
[PlyCount "122"]
[EventDate "2016.03.30"]
[EventType "tourn"]
[EventRounds "5"]
[EventCountry "CAN"]

1. d4 Nf6 2. c4 c5 3. d5 b5 4. cxb5 a6 5. bxa6 g6 6. Nc3 Bxa6 7. Nf3 Bg7 8. g3
d6 9. Bg2 Nbd7 10. Rb1 Nb6 11. b3 Bb7 12. Nh4 O-O 13. O-O Ne8 14. Qc2 Ba6 15.
Bb2 Nc7 16. Rfd1 Bb7 17. a4 Qd7 18. e4 Na6 19. Na2 Bxb2 20. Qxb2 Rfb8 21. Nf3
c4 22. a5 cxb3 23. Qxb3 Na4 24. Nd4 N6c5 25. Qb5 Qxb5 26. Rxb5 Ba6 27. Rxb8+
Rxb8 28. Nc6 Rb2 29. Nab4 Kf8 30. Nxa6 Nxa6 31. Bf1 N6c5 32. f4 Ke8 33. Bc4 Kd7
34. Ra1 h5 35. Nd4 Kc7 36. Nc6 Kd7 37. e5 Nb3 38. Ra3 Nbc5 39. Ra2 Rxa2 40.
Bxa2 e6 41. dxe6+ fxe6 42. Nd4 d5 43. Bb1 Na6 44. Bxg6 h4 45. Kf2 hxg3+ 46.
hxg3 Ke7 47. Ke3 Kf8 48. g4 N4c5 49. f5 exf5 50. gxf5 Nc7 51. f6 Ne8 52. Nc6
Ne6 53. a6 N8c7 54. a7 Na8 55. Bf5 Kf7 56. Bxe6+ Kxe6 57. Kd4 Nc7 58. Nd8+ Kd7
59. Nb7 Nb5+ 60. Kxd5 Nxa7 61. e6+ Kc8 1-0

[Event "Mercredi 2016.03.30 ABCD"]
[Site "Montreal CAN"]
[Date "2016.04.13"]
[Round "3"]
[White "Tremblay, Alain"]
[Black "Lopez Linares, Lizandro"]
[Result "1/2-1/2"]
[WhiteElo "2184"]
[BlackElo "2214"]
[PlyCount "53"]
[EventDate "2016.03.30"]
[EventType "tourn"]
[EventRounds "5"]
[EventCountry "CAN"]

1. Nf3 d5 2. c4 c6 3. g3 Nf6 4. Bg2 Bf5 5. cxd5 Nxd5 6. O-O e6 7. d3 Bg6 8. a3
Nd7 9. e4 N5f6 10. Be3 Bc5 11. Bf4 a5 12. Nc3 O-O 13. d4 Be7 14. Re1 Qb6 15.
Na4 Qa7 16. Nc3 Rfd8 17. Bc7 Rdc8 18. Bf4 b5 19. d5 Bc5 20. Re2 exd5 21. exd5
cxd5 22. Nxd5 Nxd5 23. Qxd5 Nf6 24. Qb3 Ng4 25. Rf1 Qb6 26. Ne5 Nxe5 27. Rxe5
1/2-1/2

[Event "Mercredi 2016.03.30 ABCD"]
[Site "Montreal CAN"]
[Date "2016.04.20"]
[Round "4"]
[White "Boudreau, Daniel"]
[Black "Tremblay, Alain"]
[Result "1/2-1/2"]
[WhiteElo "2109"]
[BlackElo "2184"]
[PlyCount "42"]
[EventDate "2016.03.30"]
[EventType "tourn"]
[EventRounds "5"]
[EventCountry "CAN"]

1. e4 g6 2. d4 Bg7 3. Nc3 d6 4. f4 Nf6 5. Nf3 O-O 6. Be3 b6 7. Qd2 Bb7 8. Bd3
c5 9. d5 a6 10. a4 Nbd7 11. h3 Ne8 12. g4 Nc7 13. O-O b5 14. axb5 axb5 15. Rxa8
Bxa8 16. Nxb5 Nxb5 17. Bxb5 Nf6 18. Bd3 c4 19. g5 Nxd5 20. exd5 cxd3 21. Qxd3
Bxb2 1/2-1/2

[Event "Mercredi 2016.03.30 ABCD"]
[Site "Montreal CAN"]
[Date "2016.04.20"]
[Round "4"]
[White "Brassard, Sylvain"]
[Black "Nardone, Raul"]
[Result "1/2-1/2"]
[WhiteElo "1809"]
[BlackElo "1811"]
[PlyCount "150"]
[EventDate "2016.03.30"]
[EventType "tourn"]
[EventRounds "5"]
[EventCountry "CAN"]

1. d4 c5 2. c3 Nf6 3. Bg5 Qb6 4. Qc2 d5 5. dxc5 Qxc5 6. Bxf6 exf6 7. Nf3 Nc6 8.
Nbd2 Be7 9. e3 Bd7 10. Nb3 Qb6 11. Rd1 Rc8 12. Be2 Be6 13. O-O O-O 14. Nbd4
Nxd4 15. Nxd4 Bc5 16. Bf3 Rfd8 17. Rfe1 Qc7 18. g3 a6 19. Rd3 b5 20. a3 Qe5 21.
Rd2 Qg5 22. Bg2 Qe5 23. Qd1 f5 24. Nc2 a5 25. e4 fxe4 26. Rxe4 dxe4 27. Rxd8+
Bf8 28. Rxc8 Bxc8 29. Qd4 Qg5 30. Ne3 f5 31. Qd5+ Kh8 32. Qxb5 Qd8 33. Bh3 f4
34. Bxc8 fxe3 35. fxe3 Qxc8 36. Qxa5 Bc5 37. Qa4 Bxe3+ 38. Kg2 Qf8 39. Qxe4
Qf2+ 40. Kh3 Qf1+ 41. Qg2 Qf8 42. Qb7 Qf5+ 43. g4 Qf1+ 44. Qg2 Qf8 45. a4 g5
46. Qc6 Qf1+ 47. Qg2 Qf8 48. Qc6 Qf1+ 49. Qg2 Qf8 50. Qe2 Bf4 51. Kg2 Bb8 52.
b4 Qc8 53. Qf3 Qd8 54. Kh3 Bf4 55. a5 Qf6 56. Kg2 Qd8 57. Qe2 Qd5+ 58. Kh3 Qc6
59. a6 Qh6+ 60. Kg2 Qxh2+ 61. Kf3 Qg3+ 62. Ke4 Qxc3 63. Qb5 Qe3+ 64. Kf5 Qe7
65. Qc5 Qf7+ 66. Ke4 Qg6+ 67. Kd5 Qf7+ 68. Kc6 Qe8+ 69. Kb7 Qb8+ 70. Kc6 Qe8+
71. Kd5 Qe5+ 72. Kc4 Qe2+ 73. Kb3 Qd1+ 74. Kc4 Qe2+ 75. Kd5 Qe5+ 1/2-1/2

[Event "Mercredi 2016.03.30 ABCD"]
[Site "Montreal CAN"]
[Date "2016.04.20"]
[Round "4"]
[White "Have, Didier"]
[Black "Morin, Louis"]
[Result "0-1"]
[WhiteElo "2044"]
[BlackElo "1932"]
[PlyCount "60"]
[EventDate "2016.03.30"]
[EventType "tourn"]
[EventRounds "5"]
[EventCountry "CAN"]

1. c4 e6 2. Nf3 d5 3. e3 Nf6 4. Nc3 Be7 5. b3 O-O 6. Bb2 c5 7. Qc2 Nc6 8. a3 d4
9. Ne4 e5 10. Neg5 h6 11. h4 Bg4 12. Bd3 Re8 13. Bh7+ Kf8 14. Bg6 hxg5 15. hxg5
fxg6 16. Qxg6 Bh5 17. Rxh5 Nxh5 18. Qxh5 Bd6 19. Qh7 e4 20. g6 Qf6 21. O-O-O
exf3 22. Re1 Ke7 23. exd4+ Kd7 24. Rxe8 Rxe8 25. Kb1 Nxd4 26. gxf3 Re7 27. Ka2
Qxf3 28. Bxd4 cxd4 29. c5 Bxc5 30. Qh5 Qxh5 0-1

[Event "Mercredi 2016.03.30 ABCD"]
[Site "Montreal CAN"]
[Date "2016.04.20"]
[Round "4"]
[White "Jacquet, Stephane"]
[Black "Nunez, Omar"]
[Result "1-0"]
[WhiteElo "2017"]
[BlackElo "1933"]
[PlyCount "70"]
[EventDate "2016.03.30"]
[EventType "tourn"]
[EventRounds "5"]
[EventCountry "CAN"]

1. d4 c5 2. d5 e5 3. c4 d6 4. e4 g6 5. Bd3 Bg7 6. Nc3 Ne7 7. Bg5 a6 8. Qd2 h6
9. Be3 Nd7 10. Nge2 Nf6 11. f3 Bd7 12. Ng3 Rb8 13. a4 Qa5 14. O-O Qc7 15. a5 h5
16. h4 Nfg8 17. Na4 Nc8 18. b4 cxb4 19. Qxb4 Bh6 20. Bf2 Bxa4 21. Rxa4 Nf6 22.
c5 Nd7 23. cxd6 Qxd6 24. Qc3 O-O 25. Ne2 Ne7 26. Rb1 Rfc8 27. Rc4 Rxc4 28. Bxc4
Rc8 29. Rxb7 Nc5 30. Rb1 Rc7 31. Rb8+ Kh7 32. Qb4 Nc8 33. Rb6 Nxb6 34. axb6 Rc8
35. Bxa6 Nb7 1-0

[Event "Mercredi 2016.03.30 ABCD"]
[Site "Montreal CAN"]
[Date "2016.04.20"]
[Round "4"]
[White "Langlois-Remillard, Alexis"]
[Black "Heredia, Jose"]
[Result "0-1"]
[WhiteElo "1909"]
[BlackElo "1922"]
[PlyCount "124"]
[EventDate "2016.03.30"]
[EventType "tourn"]
[EventRounds "5"]
[EventCountry "CAN"]

1. b3 d5 2. Bb2 c5 3. e3 Nc6 4. Bb5 Bd7 5. Nf3 e6 6. O-O Nf6 7. d3 Be7 8. Nbd2
O-O 9. Bxc6 Bxc6 10. Ne5 Rc8 11. f4 Nd7 12. Ndf3 Nxe5 13. Nxe5 f6 14. Nxc6 Rxc6
15. Qh5 f5 16. g4 fxg4 17. Qxg4 Bf6 18. Bxf6 Qxf6 19. c4 dxc4 20. dxc4 Qc3 21.
Qf3 Rd6 22. Rac1 Qb2 23. Rcd1 Rd2 24. Rxd2 Qxd2 25. Rd1 Qxa2 26. Qxb7 Qe2 27.
Rd7 Qxe3+ 28. Kg2 Qe2+ 29. Kg3 Qe1+ 30. Kg2 Qc3 31. Qxa7 Qc2+ 32. Kg1 Qg6+ 33.
Kh1 h5 34. Qc7 Kh7 35. Qe5 Qg4 36. Qg5 Qxg5 37. fxg5 Rf5 38. Rd6 Re5 39. Rc6 h4
40. Kg2 Kg6 41. Kf3 Kxg5 42. Rc7 g6 43. Rc6 Kf5 44. Rc8 g5 45. h3 Kf6 46. Rf8+
Ke7 47. Rc8 Kd7 48. Rg8 Rf5+ 49. Ke4 Rf4+ 50. Ke5 Rf3 51. Rxg5 Rxb3 52. Rg7+
Kc6 53. Kxe6 Rxh3 54. Rh7 Rh1 55. Kf5 h3 56. Rh6+ Kd7 57. Rh7+ Kc6 58. Rh6+ Kb7
59. Kg4 Rc1 60. Kf4 Rxc4+ 61. Ke3 Rc1 62. Ke2 h2 0-1

[Event "Mercredi 2016.03.30 ABCD"]
[Site "Montreal CAN"]
[Date "2016.04.20"]
[Round "4"]
[White "Lessard, Sylvain"]
[Black "Gates, Claude-Eric"]
[Result "1/2-1/2"]
[WhiteElo "1750"]
[BlackElo "1794"]
[PlyCount "139"]
[EventDate "2016.03.30"]
[EventType "tourn"]
[EventRounds "5"]
[EventCountry "CAN"]

1. c4 e5 2. Nc3 Nc6 3. Nf3 Bb4 4. Nd5 d6 5. a3 Bc5 6. b4 Bd4 7. Nxd4 Nxd4 8. e3
Ne6 9. Be2 c6 10. Nc3 Ne7 11. O-O O-O 12. Bb2 Ng6 13. d3 f5 14. b5 f4 15. Bf3
Ng5 16. Ne4 Nxf3+ 17. Qxf3 Nh4 18. Qd1 d5 19. cxd5 cxd5 20. Nd2 Qg5 21. g3 Bh3
22. Nf3 Nxf3+ 23. Qxf3 e4 24. exf4 exf3 25. fxg5 Bxf1 26. Kxf1 Rac8 27. Bd4 a6
28. a4 Rc2 29. Re1 Rfc8 30. bxa6 bxa6 31. a5 Rd2 32. Bb6 Rxd3 33. h4 Kf7 34.
Kg1 Rdc3 35. Kh2 Rd3 36. g4 Rc2 37. Kg3 Re2 38. Rc1 Re7 39. Rc6 Re8 40. h5 Rb3
41. g6+ hxg6 42. hxg6+ Kg8 43. Rc7 Rb8 44. Bd4 R3b7 45. Rc6 Rb4 46. Bb6 Rb5 47.
Rd6 Kf8 48. Kxf3 Ke7 49. Rc6 Rb7 50. Kf4 Kd7 51. Rc1 R7xb6 52. axb6 Rxb6 53.
Ke5 d4 54. Rd1 Rb4 55. f4 d3 56. Rxd3+ Ke7 57. Ra3 Rb5+ 58. Ke4 a5 59. Kf3 Kf6
60. f5 Kg5 61. Kg3 Rc5 62. Kh3 Rd5 63. Kg3 Rb5 64. Kf3 Rb4 65. Rxa5 Rf4+ 66.
Ke3 Rxg4 67. Ra7 Kf6 68. Rf7+ Ke5 69. Rxg7 Kxf5 70. Rg8 1/2-1/2

[Event "Mercredi 2016.03.30 ABCD"]
[Site "Montreal CAN"]
[Date "2016.04.20"]
[Round "4"]
[White "Robidoux, Julien"]
[Black "Dumouchel, Alain"]
[Result "1/2-1/2"]
[WhiteElo "1722"]
[BlackElo "1707"]
[PlyCount "84"]
[EventDate "2016.03.30"]
[EventType "tourn"]
[EventRounds "5"]
[EventCountry "CAN"]

1. e4 e5 2. Nf3 Nc6 3. Bb5 a6 4. Ba4 Nf6 5. O-O b5 6. Bb3 Be7 7. Re1 O-O 8. c3
d6 9. h3 Na5 10. Bc2 c5 11. d4 Qc7 12. Nbd2 Be6 13. d5 Bd7 14. Nf1 Rfc8 15. b3
b4 16. c4 Nb7 17. Ng3 Nd8 18. Nh2 Ne8 19. Ng4 f6 20. Kh2 Nf7 21. Rh1 Bf8 22.
Kg1 a5 23. h4 a4 24. h5 axb3 25. Bxb3 Ra7 26. Nf5 Bxf5 27. exf5 Qd7 28. Qf3 h6
29. Kh2 Raa8 30. Re1 Ng5 31. Bxg5 fxg5 32. Ne3 Nf6 33. g4 Qf7 34. Nf1 Re8 35.
Nd2 Be7 36. Ne4 Nxe4 37. Qxe4 Bf6 38. Re2 Ra3 39. Rae1 Rea8 40. Kg2 R8a5 41.
Rd2 Qa7 42. Ree2 Qa8 1/2-1/2

[Event "Mercredi 2016.03.30 ABCD"]
[Site "Montreal CAN"]
[Date "2016.04.20"]
[Round "4"]
[White "Rondon, Luciano"]
[Black "Johnson-Constantin, Matthieu"]
[Result "1-0"]
[WhiteElo "1868"]
[BlackElo "1848"]
[PlyCount "77"]
[EventDate "2016.03.30"]
[EventType "tourn"]
[EventRounds "5"]
[EventCountry "CAN"]

1. d4 Nf6 2. c4 g6 3. Nc3 Bg7 4. e4 d6 5. Be2 O-O 6. f4 c5 7. Nf3 cxd4 8. Nxd4
Nc6 9. Be3 Qb6 10. Nc2 Qa5 11. O-O Nd7 12. Nd4 Qb6 13. Nd5 Bxd4 14. Nxb6 Bxe3+
15. Kh1 Bxb6 16. Bf3 Bd4 17. Qd2 Nc5 18. Rab1 a5 19. Rbe1 Bg7 20. g4 Na4 21.
Qc2 Nxb2 22. e5 dxe5 23. Bxc6 exf4 24. Bf3 Be6 25. Bxb7 Rab8 26. Bd5 Bxg4 27.
Rxf4 Bf5 28. Rxf5 gxf5 29. Rxe7 f4 30. Qf5 Nd1 31. Rxf7 Rxf7 32. Qxf7+ Kh8 33.
Qxf4 Rb2 34. Qd6 Nf2+ 35. Kg1 Nh3+ 36. Kf1 Rf2+ 37. Ke1 Rf4 38. Qe6 Bc3+ 39.
Kd1 1-0

[Event "Mercredi 2016.03.30 ABCD"]
[Site "Montreal CAN"]
[Date "2016.04.20"]
[Round "4"]
[White "Zumsteg, Nicolas"]
[Black "Blanchet, Robert"]
[Result "0-1"]
[WhiteElo "1878"]
[BlackElo "1820"]
[PlyCount "76"]
[EventDate "2016.03.30"]
[EventType "tourn"]
[EventRounds "5"]
[EventCountry "CAN"]

1. e4 c5 2. Nf3 d6 3. d4 cxd4 4. Nxd4 Nf6 5. Nc3 a6 6. Bg5 e6 7. f4 Qc7 8. Qf3
Nc6 9. O-O-O Be7 10. Qg3 h6 11. Bh4 g5 12. fxg5 Nh5 13. Qg4 hxg5 14. Bxg5 Rg8
15. Qxh5 Bxg5+ 16. Kb1 Bf6 17. Nxc6 bxc6 18. Qf3 Be5 19. Rd3 a5 20. Na4 Rb8 21.
Rb3 Bd7 22. Rxb8+ Qxb8 23. Qb3 Qxb3 24. axb3 Rg4 25. Nb6 Rxe4 26. Bd3 Rh4 27.
h3 d5 28. g4 Bc7 29. Nxd7 Kxd7 30. c4 Bb6 31. Kc2 Bd4 32. Rh2 Rh8 33. h4 Rb8
34. h5 a4 35. Kc1 Rxb3 36. Bf1 Rg3 37. cxd5 Rg1 38. dxe6+ fxe6 0-1

[Event "Mercredi 2016.03.30 ABCD"]
[Site "Montreal CAN"]
[Date "2016.04.27"]
[Round "5"]
[White "Blanchet, Robert"]
[Black "Rondon, Luciano"]
[Result "0-1"]
[WhiteElo "1820"]
[BlackElo "1868"]
[PlyCount "106"]
[EventDate "2016.03.30"]
[EventType "tourn"]
[EventRounds "5"]
[EventCountry "CAN"]

1. e4 c5 2. Nf3 d6 3. d4 cxd4 4. Nxd4 Nf6 5. Nc3 a6 6. Be2 e5 7. Nf3 Qc7 8. Bg5
Nbd7 9. O-O b5 10. a3 Bb7 11. Nd2 Be7 12. Rc1 Nb6 13. Bf3 Rd8 14. Bxf6 Bxf6 15.
Nd5 Bxd5 16. exd5 Bg5 17. Rb1 f5 18. Be2 O-O 19. Nf3 Bh6 20. h4 Qc5 21. c4 bxc4
22. Ng5 Bxg5 23. hxg5 Rc8 24. Rc1 Qa5 25. Qe1 Qxd5 26. Qb4 Qc5 27. Qc3 Rfe8 28.
b4 Qd4 29. Qf3 Qe4 30. Qh5 d5 31. Rfe1 Qd4 32. g6 hxg6 33. Qxg6 Rf8 34. Rcd1
Rf6 35. Qg5 Qf4 36. Qxf4 exf4 37. Bf3 Rd6 38. Re5 d4 39. Rc5 d3 40. Bb7 Rcd8
41. Bxa6 Na4 42. Bxc4+ Kh7 43. Rxf5 Nb2 44. Bf7 g6 45. Rxd3 Nxd3 46. Ra5 Kg7
47. Bc4 Kf6 48. b5 Ne5 49. Be2 Rd2 50. Kf1 Rb2 51. Ra6+ Kf5 52. g4+ fxg3 53.
fxg3 Rdd2 0-1